Con gái nhà tài phiệt = Crackerjack
Αποθηκεύτηκε σε:
| Κύριος συγγραφέας: | |
|---|---|
| Μορφή: | Βιβλίο |
| Γλώσσα: | Undetermined |
| Έκδοση: |
Hà Nội
Phụ Nữ
2001
|
| Θέματα: | |
| Ετικέτες: |
Προσθήκη ετικέτας
Δεν υπάρχουν, Καταχωρήστε ετικέτα πρώτοι!
|
| Thư viện lưu trữ: | Trung tâm Học liệu Trường Đại học Cần Thơ |
|---|
| LEADER | 00545nam a2200181Ia 4500 | ||
|---|---|---|---|
| 001 | CTU_40736 | ||
| 008 | 210402s9999 xx 000 0 und d | ||
| 082 | |a 823.9 | ||
| 082 | |b R683 | ||
| 100 | |a B J Rocklife | ||
| 245 | 0 | |a Con gái nhà tài phiệt | |
| 245 | 0 | |b = Crackerjack | |
| 245 | 0 | |c B J Rocklife, Phạm Hải Yến | |
| 260 | |a Hà Nội | ||
| 260 | |b Phụ Nữ | ||
| 260 | |c 2001 | ||
| 650 | |a english fiction ( vietnamese ),english literature - 20th century | ||
| 980 | |a Trung tâm Học liệu Trường Đại học Cần Thơ | ||